LEADER 01252nam0 22002771i 450 001 RML0256891 005 20231121125715.0 010 $a881404242X 100 $a20121121d1993 ||||0itac50 ba 101 | $aita 102 $ait 181 1$6z01$ai $bxxxe 182 1$6z01$an 200 1 $a˜Il œriesame delle misure coercitive nel processo penale$fMassimo Ceresa Gastaldo 210 $aMilano $cGiuffrè $d1993 606 $aProvvedimenti cautelari penali$2FIR$3RMLC082890$9I 676 $a345.45052$9$v21 700 1$aCeresa Gastaldo$b, Massimo$3RMLV165270$0231456 801 3$aIT$bIT-01$c20121121 850 $aIT-FR0098 899 $aBiblioteca Area Giuridico Economica$bFR0098 912 $aRML0256891 950 0$aBiblioteca Area Giuridico Economica$d 53DSG 24 27$e 53VM 0000278345 VMB A4 barcode:BAGE009502. - Inventario:14789. - Fondo:Sala consultazioneVM$fA $h20071108$i20121204$d 53DSG GIU 29 75$e 53VM 0000278335 VM barcode:BAGE017284. - Inventario:9307. - Fondo:Sala consultazioneVM$fA $h20010423$i20121204 977 $a 53 996 $aRiesame delle misure coercitive nel processo penale$9635749 997 $aUNICAS